[Event "Skakligaen 2004-05"]
[Site "Denmark"]
[Date "2004.12.05"]
[Round "3.3"]
[White "Petersen, Tom Petri"]
[Black "Pedersen, Finn"]
[Result "1-0"]
[WhiteElo "2228"]
[BlackElo "2375"]
[PlyCount "61"]
[EventDate "2004.11.06"]
[EventType "team"]
[EventRounds "7"]
[EventCountry "DEN"]
[SourceDate "2004.11.06"]
[WhiteTeam "Nordre"]
[BlackTeam "Skolerne"]
[WhiteTeamCountry "DEN"]
[BlackTeamCountry "DEN"]

1. e4 e5 2. Nf3 f5 3. Nxe5 Qf6 4. d4 d6 5. Nc4 fxe4 6. Nc3 Qg6 7. Ne3 Nf6 8.
Ncd5 Kd8 9. c3 c6 10. Nxf6 gxf6 11. g3 h5 12. h4 Bg4 13. Nxg4 hxg4 14. Be2 f5
15. Bf4 Nd7 16. Qb3 Kc7 17. d5 Bh6 18. Bxh6 Qxh6 19. dxc6 bxc6 20. Rd1 Ne5 21.
Qa4 a5 22. Qd4 Rhe8 23. O-O f4 24. Rd2 Re6 25. b4 Nf3+ 26. Bxf3 gxf3 27. bxa5
Ra6 28. Rb2 fxg3 29. fxg3 Qg6 30. Kh2 Qf6 31. Qb4 1-0

[Event "Skakligaen 2004-05"]
[Site "Denmark"]
[Date "2004.12.05"]
[Round "3.4"]
[White "Ochsner, Thomas"]
[Black "Nielsen, Poul Erik"]
[Result "1-0"]
[WhiteElo "2366"]
[BlackElo "2211"]
[PlyCount "137"]
[EventDate "2004.11.06"]
[EventType "team"]
[EventRounds "7"]
[EventCountry "DEN"]
[SourceDate "2004.11.06"]
[WhiteTeam "Skolerne"]
[BlackTeam "Nordre"]
[WhiteTeamCountry "DEN"]
[BlackTeamCountry "DEN"]

1. e4 g6 2. d4 Bg7 3. Nc3 d6 4. f4 a6 5. Nf3 b5 6. Bd3 Nd7 7. e5 Bb7 8. O-O e6
9. a4 b4 10. Ne4 Bxe4 11. Bxe4 d5 12. Bd3 c5 13. c4 bxc3 14. bxc3 Ne7 15. Ba3
h5 16. Rb1 Qc7 17. Rf2 O-O 18. Rfb2 Ra7 19. Qf1 Rfa8 20. Bc2 Bf8 21. Ng5 cxd4
22. cxd4 Qc3 23. Qd3 Qxd3 24. Bxd3 Nc6 25. Bxf8 Kxf8 26. Nf3 Rb8 27. Kf2 Ke7
28. Ke3 Rxb2 29. Rxb2 Ndb8 30. Rb6 Kd7 31. Ng5 Kc7 32. Rb1 Kc8 33. h3 Nd8 34.
g4 hxg4 35. hxg4 Rc7 36. Rh1 Rc3 37. Rh8 Rc7 38. Rf8 Re7 39. Be2 Kc7 40. Bf1
Nd7 41. Rh8 Nb6 42. Bxa6 Nxa4 43. Bb5 Nb6 44. Kd3 Nd7 45. Ke3 Nb8 46. Re8 Nbc6
47. Rxe7+ Nxe7 48. Be8 Kc8 49. Nxf7 Nxf7 50. Bxf7 Kd7 51. Kd3 g5 52. fxg5 Nc6
53. Bg6 Na7 54. Ke3 Ke7 55. Bc2 Nc6 56. Ba4 Na5 57. Bb5 Kf7 58. Bd3 Nc6 59. Bb5
Nd8 60. Kf4 Kg6 61. Be8+ Kg7 62. Ke3 Kf8 63. Bd7 Kg7 64. Kf3 Kf7 65. Kg3 Kg6
66. Kh4 Kg7 67. Kh5 Kf7 68. Kh6 Kg8 69. Kg6 1-0

[Event "Skakligaen 2004-05"]
[Site "Denmark"]
[Date "2004.12.05"]
[Round "3.5"]
[White "Hoiberg, Nina"]
[Black "Christensen, Tobias"]
[Result "1/2-1/2"]
[WhiteElo "2180"]
[BlackElo "2349"]
[PlyCount "108"]
[EventDate "2004.11.06"]
[EventType "team"]
[EventRounds "7"]
[EventCountry "DEN"]
[SourceDate "2004.11.06"]
[WhiteTeam "Nordre"]
[BlackTeam "Skolerne"]
[WhiteTeamCountry "DEN"]
[BlackTeamCountry "DEN"]

1. e4 e6 2. d4 d5 3. Nc3 Bb4 4. exd5 exd5 5. Bd3 Ne7 6. Qf3 c5 7. a3 Bxc3+ 8.
bxc3 c4 9. Be2 Bf5 10. Rb1 Nbc6 11. Bd1 Qd7 12. Qg3 O-O 13. Nf3 Rae8 14. O-O
Bg6 15. Nh4 Nf5 16. Qh3 Re4 17. Bg4 Nce7 18. Bg5 h5 19. Bf3 Re6 20. Bxe7 Rxe7
21. Nxf5 Bxf5 22. Qxh5 Bxc2 23. Rbe1 Rfe8 24. Rxe7 Qxe7 25. h3 Be4 26. a4 Bxf3
27. Qxf3 Qd7 28. Rb1 a6 29. a5 Re6 30. Rb6 Rxb6 31. axb6 Qd6 32. Qf5 Qxb6 33.
Qxd5 Qc7 34. Qe4 Kf8 35. d5 b5 36. Qd4 Qd6 37. Qa7 Qxd5 38. Qxa6 Qe5 39. Qc8+
Ke7 40. Qb7+ Kf6 41. Qc6+ Qe6 42. Qxb5 Qe1+ 43. Kh2 Qxc3 44. Qc6+ Kg5 45. Qd5+
Kg6 46. Qe4+ Kf6 47. Qc6+ Ke5 48. Qe8+ Kd4 49. Qxf7 Kd3 50. Qf5+ Ke2 51. h4 Qd4
52. Qc2+ Kf1 53. Qc1+ Ke2 54. Qc2+ Kf1 1/2-1/2

[Event "Skakligaen 2004-05"]
[Site "Denmark"]
[Date "2004.12.05"]
[Round "3.6"]
[White "Rasmussen, Casper Dahl"]
[Black "Pedersen, Karl"]
[Result "0-1"]
[WhiteElo "2324"]
[BlackElo "2239"]
[PlyCount "92"]
[EventDate "2004.11.06"]
[EventType "team"]
[EventRounds "7"]
[EventCountry "DEN"]
[SourceDate "2004.11.06"]
[WhiteTeam "Skolerne"]
[BlackTeam "Nordre"]
[WhiteTeamCountry "DEN"]
[BlackTeamCountry "DEN"]

1. d4 Nf6 2. c4 g6 3. Nc3 Bg7 4. e4 d6 5. Nf3 O-O 6. Be2 e5 7. O-O Nc6 8. d5
Ne7 9. b4 c6 10. Ba3 cxd5 11. cxd5 Bg4 12. h3 Bd7 13. Nd2 Rc8 14. Qb3 b5 15.
Nxb5 Qb6 16. Nxd6 Qxd6 17. b5 Qb6 18. Bxe7 Rfe8 19. Bxf6 Bxf6 20. a4 Qd4 21.
Qd3 Rc3 22. Qxd4 exd4 23. Rfd1 h5 24. Bf1 Bg7 25. a5 f5 26. f3 d3 27. Rab1 Rb8
28. b6 axb6 29. Rb4 b5 30. Nb1 Rc4 31. Rb3 b4 32. Bxd3 Rd4 33. Kf2 Ba4 34. Bc2
Bxb3 35. Bxb3 Rxd1 36. Bxd1 Ra8 37. Bb3 Rxa5 38. Ke3 Ra1 39. Nd2 Rc1 40. d6+
Kf8 41. Ba4 Bh6+ 42. f4 Rc3+ 43. Kd4 Bxf4 44. d7 Ke7 45. Nf3 Be3+ 46. Ke5 Rc5#
0-1

[Event "Skakligaen 2004-05"]
[Site "Denmark"]
[Date "2004.12.05"]
[Round "3.7"]
[White "Danstrup, Niels"]
[Black "Glud, Jakob Vang"]
[Result "0-1"]
[WhiteElo "2129"]
[BlackElo "2283"]
[PlyCount "74"]
[EventDate "2004.11.06"]
[EventType "team"]
[EventRounds "7"]
[EventCountry "DEN"]
[SourceDate "2004.11.06"]
[WhiteTeam "Nordre"]
[BlackTeam "Skolerne"]
[WhiteTeamCountry "DEN"]
[BlackTeamCountry "DEN"]

1. e4 c5 2. c3 Nf6 3. e5 Nd5 4. d4 cxd4 5. Qxd4 e6 6. Bc4 Nc6 7. Qe4 Nde7 8. f4
d5 9. exd6 Nf5 10. Bb3 Bxd6 11. Nf3 Bc5 12. Na3 O-O 13. Bd2 Na5 14. Bc2 Bxa3
15. bxa3 Bd7 16. Ne5 Bc6 17. Nxc6 bxc6 18. Rd1 g6 19. c4 Nd6 20. Qe2 Naxc4 21.
Bc3 Qb6 22. Bb3 Rad8 23. Bf6 Qa5+ 24. Kf1 Ne4 25. Bxd8 Ncd2+ 26. Rxd2 Nxd2+ 27.
Kf2 Rxd8 28. Rd1 Qc3 29. Kg1 Kg7 30. Qe1 c5 31. Qh4 Rd4 32. Re1 Re4 33. Rxe4
Nxe4 34. h3 c4 35. Ba4 Qxa3 36. Be8 Nf6 37. Bc6 Qc5+ 0-1

[Event "Skakligaen 2004-05"]
[Site "Denmark"]
[Date "2004.12.05"]
[Round "3.8"]
[White "Jacobsen, Bo"]
[Black "Hansen, Per"]
[Result "1-0"]
[WhiteElo "2254"]
[BlackElo "2158"]
[PlyCount "58"]
[EventDate "2004.11.06"]
[EventType "team"]
[EventRounds "7"]
[EventCountry "DEN"]
[SourceDate "2004.11.06"]
[WhiteTeam "Skolerne"]
[BlackTeam "Nordre"]
[WhiteTeamCountry "DEN"]
[BlackTeamCountry "DEN"]

1. g3 c5 2. c4 Nf6 3. Bg2 d5 4. cxd5 Nxd5 5. Nc3 Nc7 6. d3 Nc6 7. Bxc6+ bxc6 8.
Qa4 Bd7 9. Be3 e5 10. Nf3 f6 11. Ne4 Ne6 12. O-O Qb6 13. Nfd2 Nd4 14. Rfe1 Be7
15. Nc4 Qc7 16. Rac1 f5 17. Ng5 Bxg5 18. Bxg5 f4 19. gxf4 exf4 20. Nd2 O-O 21.
Qc4+ Kh8 22. Be7 Rf5 23. Bxc5 Ne6 24. b4 Ng5 25. Bd4 Nh3+ 26. Kh1 Re8 27. Nf3
Be6 28. Qa6 Bd5 29. Qxa7 Qc8 1-0

[Event "Skakligaen 2004-05"]
[Site "Denmark"]
[Date "2005.01.16"]
[Round "4.1"]
[White "Hillarp Persson, Tiger"]
[Black "Borge, Nikolaj"]
[Result "1-0"]
[WhiteElo "2511"]
[BlackElo "2404"]
[PlyCount "93"]
[EventDate "2004.11.06"]
[EventType "team"]
[EventRounds "7"]
[EventCountry "DEN"]
[SourceDate "2004.11.06"]
[WhiteTeam "Bronshoj"]
[BlackTeam "Foroyar"]
[WhiteTeamCountry "DEN"]
[BlackTeamCountry "DEN"]

1. d4 c5 2. d5 e5 3. e4 d6 4. a4 Be7 5. Bb5+ Nd7 6. Nf3 a6 7. Bd3 Nf8 8. h3 Ng6
9. Na3 Bd7 10. Bd2 Bxa4 11. Nc4 Bd7 12. Ba5 Qb8 13. Nb6 Ra7 14. Nxd7 Kxd7 15.
h4 Nf6 16. g3 b5 17. h5 Nf8 18. c4 Ke8 19. Bc3 N8d7 20. cxb5 axb5 21. Bxb5 Rxa1
22. Bxd7+ Kxd7 23. Qxa1 Qa8 24. O-O Qxa1 25. Rxa1 Rb8 26. h6 g6 27. Ra7+ Ke8
28. Nd2 Bf8 29. f4 Bxh6 30. fxe5 Bxd2 31. exf6 Bxc3 32. bxc3 Rd8 33. g4 h6 34.
Kf2 Kf8 35. Kf3 Kg8 36. Kf4 g5+ 37. Kf5 Re8 38. Re7 Kf8 39. Rxe8+ Kxe8 40. e5
dxe5 41. Kxe5 Kd7 42. d6 Kc6 43. c4 Kb7 44. Kd5 Kb6 45. d7 Kc7 46. Kxc5 Kxd7
47. Kd5 1-0

[Event "Skakligaen 2004-05"]
[Site "Denmark"]
[Date "2005.01.16"]
[Round "4.2"]
[White "Nilssen, John Arni"]
[Black "Pilgaard, Kim"]
[Result "1-0"]
[WhiteElo "2403"]
[BlackElo "2400"]
[PlyCount "89"]
[EventDate "2004.11.06"]
[EventType "team"]
[EventRounds "7"]
[EventCountry "DEN"]
[SourceDate "2004.11.06"]
[WhiteTeam "Foroyar"]
[BlackTeam "Bronshoj"]
[WhiteTeamCountry "DEN"]
[BlackTeamCountry "DEN"]

1. d4 Nf6 2. c4 e6 3. Nc3 Bb4 4. g3 c5 5. Nf3 cxd4 6. Nxd4 O-O 7. Bg2 d5 8.
cxd5 Nxd5 9. Qb3 Na6 10. O-O Nxc3 11. bxc3 Bc5 12. Rd1 Qe7 13. Nf3 f6 14. Nd2
Kh8 15. Ne4 Rb8 16. Nxc5 Nxc5 17. Qa3 b6 18. Be3 e5 19. Rd5 Bg4 20. Rxc5 bxc5
21. Bxc5 Qf7 22. Bxf8 Qxf8 23. Qxa7 Bxe2 24. a4 Rc8 25. Qe3 Ba6 26. Qb6 Bd3 27.
a5 e4 28. a6 Rxc3 29. a7 Rc8 30. Qb7 Ra8 31. Bxe4 Bxe4 32. Qxe4 h6 33. Qb7 Qe8
34. Rb1 Kh7 35. h4 f5 36. Rd1 h5 37. Rd7 Qe1+ 38. Kg2 Qe4+ 39. Qxe4 fxe4 40. g4
hxg4 41. Kg3 Kg6 42. Kxg4 Kf6 43. Kf4 g6 44. Rd6+ Kf7 45. Ra6 1-0

[Event "Skakligaen 2004-05"]
[Site "Denmark"]
[Date "2005.01.16"]
[Round "4.3"]
[White "Bromann, Thorbjorn"]
[Black "Naes, Flovin Tor"]
[Result "1-0"]
[WhiteElo "2339"]
[BlackElo "2303"]
[PlyCount "77"]
[EventDate "2004.11.06"]
[EventType "team"]
[EventRounds "7"]
[EventCountry "DEN"]
[SourceDate "2004.11.06"]
[WhiteTeam "Bronshoj"]
[BlackTeam "Foroyar"]
[WhiteTeamCountry "DEN"]
[BlackTeamCountry "DEN"]

1. c4 Nf6 2. g3 e6 3. Bg2 d5 4. Nf3 Be7 5. O-O O-O 6. Qc2 c6 7. d4 Nbd7 8. Nbd2
Re8 9. b3 b6 10. Bb2 Bb7 11. Rfd1 Qc7 12. Rac1 Rad8 13. a3 Qb8 14. b4 Bd6 15.
c5 bxc5 16. dxc5 Bf8 17. e4 h6 18. e5 Nh7 19. Bf1 Be7 20. Bd3 Nhf8 21. Nb3 f5
22. Re1 Qc8 23. a4 Ba6 24. b5 Bb7 25. Nfd4 Ba8 26. Qe2 Qc7 27. Qh5 Nxe5 28.
Nxe6 Nxe6 29. Bxe5 Qb7 30. Bxf5 Nf8 31. Qg4 Bg5 32. f4 cxb5 33. c6 Qb6+ 34. Bd4
Rxe1+ 35. Rxe1 Qxc6 36. fxg5 h5 37. Re7 bxa4 38. Rxg7+ Kh8 39. Qxh5+ 1-0

[Event "Skakligaen 2004-05"]
[Site "Denmark"]
[Date "2005.01.16"]
[Round "4.4"]
[White "Samuelsen, Carl Eli"]
[Black "Brinck Claussen, Bjorn"]
[Result "1/2-1/2"]
[WhiteElo "2195"]
[BlackElo "2306"]
[PlyCount "47"]
[EventDate "2004.11.06"]
[EventType "team"]
[EventRounds "7"]
[EventCountry "DEN"]
[SourceDate "2004.11.06"]
[WhiteTeam "Foroyar"]
[BlackTeam "Bronshoj"]
[WhiteTeamCountry "DEN"]
[BlackTeamCountry "DEN"]

1. d4 d5 2. c4 e6 3. Nc3 c5 4. e3 Nf6 5. Nf3 Nc6 6. a3 a6 7. dxc5 Bxc5 8. b4
Ba7 9. Bb2 O-O 10. Bd3 dxc4 11. Bxc4 b5 12. Bd3 Bb7 13. Ne2 Qe7 14. Ng3 Rfd8
15. O-O Rac8 16. Qb1 h6 17. Rd1 Bb8 18. Bxf6 Qxf6 19. Ne4 Qe7 20. Nc5 Ne5 21.
Nxe5 Bxe5 22. Nxb7 Qxb7 23. Ra2 g6 24. Rc2 1/2-1/2

[Event "Skakligaen 2004-05"]
[Site "Denmark"]
[Date "2005.01.16"]
[Round "4.5"]
[White "Carstensen, Jacob"]
[Black "Danielsen, Heini"]
[Result "1-0"]
[WhiteElo "2290"]
[BlackElo "2149"]
[PlyCount "81"]
[EventDate "2004.11.06"]
[EventType "team"]
[EventRounds "7"]
[EventCountry "DEN"]
[SourceDate "2004.11.06"]
[WhiteTeam "Bronshoj"]
[BlackTeam "Foroyar"]
[WhiteTeamCountry "DEN"]
[BlackTeamCountry "DEN"]

1. d4 Nf6 2. c4 e5 3. dxe5 Ng4 4. Bf4 Nc6 5. Nf3 Bb4+ 6. Nbd2 Qe7 7. e3 Ngxe5
8. Nxe5 Nxe5 9. Be2 O-O 10. O-O Bxd2 11. Qxd2 d6 12. Qc3 Ng6 13. Bg3 f5 14. Bf3
c6 15. Rad1 Ne5 16. Be2 Nf7 17. Rd2 Be6 18. Rfd1 d5 19. cxd5 Bxd5 20. Bc4 Bxc4
21. Qxc4 Rfd8 22. h3 Rxd2 23. Rxd2 Rd8 24. Rxd8+ Qxd8 25. Qc5 Qd7 26. Qxa7 h6
27. Qb8+ Kh7 28. Qc7 Qd5 29. Qxb7 Qxa2 30. b3 Qa1+ 31. Kh2 Qf6 32. Qc7 Qe6 33.
b4 g5 34. f3 Kg6 35. Qb6 Qc4 36. Qb8 Qd5 37. Qe8 Kg7 38. e4 Qb5 39. exf5 Qxb4
40. Qxc6 Qb2 41. Qg6+ 1-0

[Event "Skakligaen 2004-05"]
[Site "Denmark"]
[Date "2005.01.16"]
[Round "4.6"]
[White "Petersen, Terji"]
[Black "Palm, Nikolaj"]
[Result "0-1"]
[WhiteElo "2022"]
[BlackElo "2213"]
[PlyCount "72"]
[EventDate "2004.11.06"]
[EventType "team"]
[EventRounds "7"]
[EventCountry "DEN"]
[SourceDate "2004.11.06"]
[WhiteTeam "Foroyar"]
[BlackTeam "Bronshoj"]
[WhiteTeamCountry "DEN"]
[BlackTeamCountry "DEN"]

1. d4 d5 2. c4 e6 3. Nc3 c6 4. cxd5 exd5 5. Nf3 Bd6 6. Bg5 Nf6 7. Qc2 O-O 8. e3
Re8 9. Bd3 h6 10. Bh4 Nbd7 11. O-O Nf8 12. Rab1 Bg4 13. b4 Rc8 14. Nd2 Bh5 15.
Bg3 Bxg3 16. hxg3 Bg6 17. b5 b6 18. Bxg6 Nxg6 19. bxc6 Rxc6 20. Qb3 Qd7 21.
Rfc1 Rec8 22. Ne2 Ne7 23. Rxc6 Nxc6 24. Rc1 g6 25. Rc3 Kg7 26. Qa4 Qb7 27. Qa3
a5 28. Qc1 Na7 29. Rxc8 Nxc8 30. Qa3 Qc6 31. Nc3 Nd6 32. Nf3 Ng4 33. Qb3 Ne4
34. Nd1 Qc1 35. Ne5 Ngxf2 36. Qxd5 Qxd1+ 0-1

[Event "Skakligaen 2004-05"]
[Site "Denmark"]
[Date "2005.01.16"]
[Round "4.7"]
[White "Ligaard, Morten Lund"]
[Black "Hansen, Poul Martin"]
[Result "1-0"]
[WhiteElo "2202"]
[BlackElo "1848"]
[PlyCount "141"]
[EventDate "2004.11.06"]
[EventType "team"]
[EventRounds "7"]
[EventCountry "DEN"]
[SourceDate "2004.11.06"]
[WhiteTeam "Bronshoj"]
[BlackTeam "Foroyar"]
[WhiteTeamCountry "DEN"]
[BlackTeamCountry "DEN"]

1. d4 d5 2. c4 c6 3. Nc3 Nf6 4. Nf3 Bf5 5. cxd5 cxd5 6. Qb3 Qb6 7. Nxd5 Nxd5 8.
Qxd5 e6 9. Qb3 Nc6 10. Qxb6 axb6 11. Bd2 Nb4 12. Bxb4 Bxb4+ 13. Kd1 O-O 14. Ne5
f6 15. Nd3 Bxd3 16. exd3 Rfd8 17. a3 Rxd4 18. Be2 Bc5 19. Kc2 Rd7 20. f4 Rc8
21. Kd2 Bd4 22. Rab1 Rdc7 23. Bd1 g6 24. Bb3 Kg7 25. Rhe1 e5 26. fxe5 fxe5 27.
a4 Rf8 28. Bc4 Rf2+ 29. Re2 e4 30. Rbe1 e3+ 31. Kc2 Rc5 32. b4 Rcf5 33. Be6 Rf6
34. Bd5 Rxe2+ 35. Rxe2 Rf2 36. Kd1 Rf1+ 37. Re1 Rf2 38. Re2 Rf1+ 39. Kc2 Ra1
40. Kb3 Kf6 41. Bxb7 Ke5 42. Bf3 Rb1+ 43. Kc4 Rc1+ 44. Kb5 g5 45. Ra2 Kf4 46.
a5 bxa5 47. bxa5 g4 48. Be2 h5 49. a6 Ba7 50. Ra4+ Ke5 51. Ra2 Kd4 52. h3 gxh3
53. gxh3 Rc5+ 54. Kb4 Rf5 55. Ra4 Rf2 56. Kb3+ Kd5 57. Bxh5 e2 58. Re4 Rf6 59.
Bxe2 Rxa6 60. Bf3 Kd6 61. h4 Ra1 62. h5 Rf1 63. Bg4 Rg1 64. Bf5 Rg5 65. Bg6 Kd5
66. Ra4 Bc5 67. Be4+ Ke6 68. h6 Rh5 69. Ra5 Kd6 70. h7 Rh4 71. Kc4 1-0

[Event "Skakligaen 2004-05"]
[Site "Denmark"]
[Date "2005.01.16"]
[Round "4.8"]
[White "Leyni, Ian"]
[Black "Petersen, Steen"]
[Result "0-1"]
[WhiteElo "1838"]
[BlackElo "2138"]
[PlyCount "50"]
[EventDate "2004.11.06"]
[EventType "team"]
[EventRounds "7"]
[EventCountry "DEN"]
[SourceDate "2004.11.06"]
[WhiteTeam "Foroyar"]
[BlackTeam "Bronshoj"]
[WhiteTeamCountry "DEN"]
[BlackTeamCountry "DEN"]

1. d4 Nf6 2. c4 e6 3. Nc3 Bb4 4. e3 c5 5. Bd3 Nc6 6. Nf3 d6 7. O-O O-O 8. Bd2
e5 9. d5 Ne7 10. e4 Ng6 11. Ne2 Bxd2 12. Qxd2 Nh5 13. g3 Bh3 14. Rfc1 h6 15.
Ne1 Qd7 16. f3 f5 17. exf5 Bxf5 18. Bxf5 Rxf5 19. g4 Rg5 20. Ng2 e4 21. gxh5
Nh4 22. Rf1 Rxg2+ 23. Kh1 Qh3 24. Qf4 Rf8 25. Qxd6 Rg1+ 0-1

[Event "Skakligaen 2004-05"]
[Site "Denmark"]
[Date "2004.01.16"]
[Round "4.1"]
[White "Palo, Davor"]
[Black "Matthiesen, Arne"]
[Result "1/2-1/2"]
[WhiteElo "2537"]
[BlackElo "2334"]
[PlyCount "74"]
[EventDate "2004.11.06"]
[EventType "team"]
[EventRounds "7"]
[EventCountry "DEN"]
[SourceDate "2004.11.06"]
[WhiteTeam "Skolerne"]
[BlackTeam "SK68"]
[WhiteTeamCountry "DEN"]
[BlackTeamCountry "DEN"]

1. d4 d5 2. c4 c6 3. Nf3 Nf6 4. Nc3 e6 5. Bg5 h6 6. Bxf6 Qxf6 7. e3 Nd7 8. Qc2
Qd8 9. Bd3 Be7 10. O-O O-O 11. a3 b6 12. b4 dxc4 13. Bxc4 a5 14. b5 cxb5 15.
Bxb5 Bb7 16. Rfc1 Bd6 17. Ne4 Rc8 18. Qxc8 Bxh2+ 19. Nxh2 Bxc8 20. Nd6 Ba6 21.
Bxa6 Nb8 22. Nxf7 Kxf7 23. Bb5 Kg8 24. a4 Nd7 25. Nf3 g5 26. Bxd7 Qxd7 27. Ne5
Qb7 28. Rc6 b5 29. Rac1 bxa4 30. Rxe6 Rc8 31. Ra1 Qb2 32. Rxa4 Rc1+ 33. Kh2
Qxf2 34. Rg6+ Kh7 35. Rxh6+ Kg7 36. Rg6+ Kh7 37. Rh6+ Kg7 1/2-1/2

[Event "Skakligaen 2004-05"]
[Site "Denmark"]
[Date "2004.01.16"]
[Round "4.2"]
[White "Holst, Allan"]
[Black "Rasmussen, Karsten"]
[Result "0-1"]
[WhiteElo "2362"]
[BlackElo "2458"]
[PlyCount "64"]
[EventDate "2004.11.06"]
[EventType "team"]
[EventRounds "7"]
[EventCountry "DEN"]
[SourceDate "2004.11.06"]
[WhiteTeam "SK68"]
[BlackTeam "Skolerne"]
[WhiteTeamCountry "DEN"]
[BlackTeamCountry "DEN"]

1. e4 c5 2. Nf3 e6 3. c4 b6 4. Nc3 Bb7 5. d4 cxd4 6. Nxd4 Nf6 7. f3 d6 8. Be2
Be7 9. O-O O-O 10. Be3 Nbd7 11. Qd2 Rc8 12. Rfd1 Ne5 13. b3 d5 14. exd5 exd5
15. Nf5 Bc5 16. Bxc5 Rxc5 17. Ne3 Qd6 18. cxd5 Ng6 19. Ne4 Nxe4 20. fxe4 Nh4
21. Qd4 Qg6 22. Kh1 f5 23. exf5 Nxf5 24. Nxf5 Rxf5 25. Bf3 Qf7 26. d6 Bxf3 27.
d7 Bxg2+ 28. Kg1 h6 29. d8=Q+ Kh7 30. Rd3 Rc2 31. Rd2 Rf1+ 32. Kxg2 Qf3# 0-1

[Event "Skakligaen 2004-05"]
[Site "Denmark"]
[Date "2004.01.16"]
[Round "4.3"]
[White "Sorensen, Jan"]
[Black "Matthiesen, Martin"]
[Result "1-0"]
[WhiteElo "2412"]
[BlackElo "2280"]
[PlyCount "79"]
[EventDate "2004.11.06"]
[EventType "team"]
[EventRounds "7"]
[EventCountry "DEN"]
[SourceDate "2004.11.06"]
[WhiteTeam "Skolerne"]
[BlackTeam "SK68"]
[WhiteTeamCountry "DEN"]
[BlackTeamCountry "DEN"]

1. d4 Nf6 2. Bg5 e6 3. e4 h6 4. Bxf6 Qxf6 5. Nc3 Bb4 6. Nge2 d5 7. a3 Bxc3+ 8.
Nxc3 dxe4 9. Nxe4 Qe7 10. Qd2 b6 11. Bb5+ c6 12. Be2 Nd7 13. O-O Nf6 14. Nxf6+
Qxf6 15. Bf3 Bb7 16. c3 O-O-O 17. Qe3 Rhe8 18. Rfe1 Qg5 19. Qe2 c5 20. Bxb7+
Kxb7 21. Qf3+ Kb8 22. Qxf7 Re7 23. Qf3 cxd4 24. cxd4 Qd2 25. b4 Red7 26. Rad1
Qc2 27. g3 Rd5 28. Qf4+ Ka8 29. Rc1 Qb2 30. Rxe6 Qxa3 31. Re7 Rxd4 32. Qc7
Qxc1+ 33. Qxc1 Rd1+ 34. Qxd1 Rxd1+ 35. Kg2 Rd4 36. Rxg7 Rxb4 37. f4 Rb2+ 38.
Kf3 Kb8 39. f5 Kc8 40. f6 1-0

[Event "Skakligaen 2004-05"]
[Site "Denmark"]
[Date "2004.01.16"]
[Round "4.4"]
[White "Hansen, Lars"]
[Black "Pedersen, Finn"]
[Result "1-0"]
[WhiteElo "2275"]
[BlackElo "2375"]
[PlyCount "59"]
[EventDate "2004.11.06"]
[EventType "team"]
[EventRounds "7"]
[EventCountry "DEN"]
[SourceDate "2004.11.06"]
[WhiteTeam "SK68"]
[BlackTeam "Skolerne"]
[WhiteTeamCountry "DEN"]
[BlackTeamCountry "DEN"]

1. e4 c6 2. d3 d5 3. Nd2 g6 4. Ngf3 Bg7 5. g3 Bg4 6. Bg2 Nd7 7. h3 Bxf3 8. Nxf3
dxe4 9. dxe4 Qa5+ 10. c3 Nc5 11. O-O Nxe4 12. Nd4 Qd5 13. Qe2 f5 14. Rd1 Qf7
15. Bxe4 fxe4 16. Qxe4 Nf6 17. Qe2 O-O-O 18. Bg5 h6 19. Nxc6 hxg5 20. Nxd8 Rxd8
21. Rxd8+ Kxd8 22. Rd1+ Ke8 23. Qb5+ Kf8 24. Rd8+ Ne8 25. Qxb7 Be5 26. Qc8 a5
27. b4 a4 28. c4 a3 29. b5 Bd6 30. b6 1-0

[Event "Skakligaen 2004-05"]
[Site "Denmark"]
[Date "2004.01.16"]
[Round "4.5"]
[White "Ochsner, Thomas"]
[Black "Lindfeldt, Jan Magnus"]
[Result "1-0"]
[WhiteElo "2366"]
[BlackElo "2290"]
[PlyCount "95"]
[EventDate "2004.11.06"]
[EventType "team"]
[EventRounds "7"]
[EventCountry "DEN"]
[SourceDate "2004.11.06"]
[WhiteTeam "Skolerne"]
[BlackTeam "SK68"]
[WhiteTeamCountry "DEN"]
[BlackTeamCountry "DEN"]

1. e4 g6 2. d4 Bg7 3. Nc3 c6 4. Bc4 d6 5. Qf3 e6 6. Nge2 b5 7. Bb3 Nd7 8. e5 d5
9. h4 h5 10. Bg5 Qc7 11. O-O a5 12. a3 Nh6 13. Ng3 O-O 14. Nce2 f6 15. exf6
Nxf6 16. Qd3 Qf7 17. c3 Nf5 18. Bc2 b4 19. axb4 Ba6 20. Qf3 axb4 21. Rfe1 Bxe2
22. Qxe2 Rxa1 23. Rxa1 Nxg3 24. fxg3 Ng4 25. Rf1 Qxf1+ 26. Qxf1 Rxf1+ 27. Kxf1
bxc3 28. bxc3 e5 29. Bxg6 exd4 30. Bxh5 Nf6 31. Bxf6 Bxf6 32. cxd4 Bxd4 33. Be8
Be5 34. Kf2 c5 35. Kf3 Kg7 36. Bc6 d4 37. Bb5 Bc7 38. g4 Kf6 39. g5+ Ke5 40.
Bc4 Bd8 41. Kg4 d3 42. Bxd3 Ke6 43. Bc4+ Ke7 44. h5 Ba5 45. h6 Bd2 46. Kh5 Kf8
47. g6 Bc3 48. Kg4 1-0

[Event "Skakligaen 2004-05"]
[Site "Denmark"]
[Date "2004.01.16"]
[Round "4.6"]
[White "Bank, Pelle Rodkjaer"]
[Black "Christensen, Tobias"]
[Result "1/2-1/2"]
[WhiteElo "2269"]
[BlackElo "2349"]
[PlyCount "61"]
[EventDate "2004.11.06"]
[EventType "team"]
[EventRounds "7"]
[EventCountry "DEN"]
[SourceDate "2004.11.06"]
[WhiteTeam "SK68"]
[BlackTeam "Skolerne"]
[WhiteTeamCountry "DEN"]
[BlackTeamCountry "DEN"]

1. d4 Nf6 2. Bg5 c5 3. d5 Qb6 4. Nc3 h6 5. Bd2 e6 6. e4 Be7 7. Nf3 exd5 8. exd5
d6 9. Bd3 O-O 10. h3 Nbd7 11. O-O Qd8 12. Bf4 Nb6 13. Be2 Bf5 14. Nh2 Ne4 15.
Nxe4 Bxe4 16. Bf3 Bxf3 17. Qxf3 Bg5 18. Rad1 Qf6 19. Bxg5 Qxg5 20. Qd3 Rfe8 21.
c4 Qf4 22. b3 Re7 23. Rde1 Rae8 24. g3 Qf6 25. Nf3 Qb2 26. a4 Nd7 27. Rxe7 Rxe7
28. Re1 Ne5 29. Nxe5 Rxe5 30. Rxe5 Qxe5 31. Kg2 1/2-1/2

[Event "Skakligaen 2004-05"]
[Site "Denmark"]
[Date "2004.01.16"]
[Round "4.7"]
[White "Glud, Jakob Vang"]
[Black "Sobjerg, Erik"]
[Result "1/2-1/2"]
[WhiteElo "2283"]
[BlackElo "2294"]
[PlyCount "81"]
[EventDate "2004.11.06"]
[EventType "team"]
[EventRounds "7"]
[EventCountry "DEN"]
[SourceDate "2004.11.06"]
[WhiteTeam "Skolerne"]
[BlackTeam "SK68"]
[WhiteTeamCountry "DEN"]
[BlackTeamCountry "DEN"]

1. e4 e5 2. Nf3 Nc6 3. d4 exd4 4. Nxd4 Nf6 5. Nxc6 bxc6 6. Nd2 Bc5 7. Bd3 d5 8.
O-O Bg4 9. Qe1 O-O 10. Nb3 Bb6 11. e5 Re8 12. Kh1 Qd7 13. f4 Bf5 14. Be3 Ne4
15. Rd1 Rad8 16. Nd2 Nxd2 17. Qxd2 Qe6 18. a4 a5 19. Qf2 Rb8 20. b3 f6 21. Rfe1
Bxd3 22. Rxd3 fxe5 23. Bxb6 cxb6 24. Rxe5 Qf7 25. Rde3 c5 26. h3 d4 27. R3e4
Rxe5 28. Rxe5 Rf8 29. f5 d3 30. cxd3 Qxb3 31. Qf3 Qxa4 32. Qd5+ Kh8 33. Qd6 Re8
34. Re4 Qa1+ 35. Kh2 Rg8 36. Qxb6 Qc3 37. d4 cxd4 38. f6 Qc8 39. Qxd4 Qc7+ 40.
Rf4 gxf6 41. Qxf6+ 1/2-1/2

[Event "Skakligaen 2004-05"]
[Site "Denmark"]
[Date "2004.01.16"]
[Round "4.8"]
[White "Christensen, Thomas K"]
[Black "Jacobsen, Bo"]
[Result "1-0"]
[WhiteElo "2269"]
[BlackElo "2254"]
[PlyCount "44"]
[EventDate "2004.11.06"]
[EventType "team"]
[EventRounds "7"]
[EventCountry "DEN"]
[SourceDate "2004.11.06"]
[WhiteTeam "SK68"]
[BlackTeam "Skolerne"]
[WhiteTeamCountry "DEN"]
[BlackTeamCountry "DEN"]

1. d4 Nf6 2. c3 d6 3. Bg5 Nbd7 4. Nd2 h6 5. Bh4 a6 6. e4 b5 7. Bd3 c6 8. f4 e5
9. fxe5 dxe5 10. Ngf3 Be7 11. O-O Ng4 12. Bxe7 Qxe7 13. Qe2 O-O 14. a4 Bb7 15.
h3 Ngf6 16. Nh4 g6 17. g3 Kh7 18. Rf2 bxa4 19. Raf1 Rae8 20. Nc4 Nh5 21. Qg4
Nhf6 22. Qf3 Nh5 1-0